书目信息 |
| 题名: |
统计与自适应信号处理
|
|
| 作者: | 马诺莱克斯 著 | |
| 分册: | ||
| 出版信息: | 北京 电子工业出版社 2002.05 |
|
| 页数: | 747页 | |
| 开本: | 26cm | |
| 丛书名: | ||
| 单 册: | ||
| 中图分类: | TP911.72 , TN911.72 | |
| 科图分类: | ||
| 主题词: | 通信理论 | |
| 电子资源: | ||
| ISBN: | 7-5053-7648-9 | |
| 000 | 00626nam0 2200205 45 | |
| 001 | 0456060296 | |
| 005 | 20080513092516.60 | |
| 010 | @a7-5053-7648-9@d65.00CNY | |
| 100 | @a20040915d2002 km y0chiy0120 ea | |
| 101 | 0 | @achi |
| 102 | @aCN@b110000 | |
| 200 | 1 | @a统计与自适应信号处理@ATong Ji Yu Zi Shi Ying Xin Hao Chu Li@f(美)马诺莱克斯等著@F(Mei)Ma Nuo Lai Ke Si Deng Zhu |
| 210 | @a北京@c电子工业出版社@d2002.05 | |
| 215 | @a747页@d26cm | |
| 606 | 0 | @a通信理论 |
| 690 | @aTP911.72@v3 | |
| 690 | @aTN911.72@v4 | |
| 701 | 0 | @a马诺莱克斯@AMa Nuo Lai Ke Si@4著 |
| 801 | 0 | @aCN@bPFT@c20080513 |
| 905 | @a安徽大学@dTN911.72@eM111 | |
| 统计与自适应信号处理/(美)马诺莱克斯等著.-北京:电子工业出版社,2002.05 |
| 747页;26cm |
| ISBN 7-5053-7648-9:65.00CNY |
| ● |
| 相关链接 |
|
|
|
正题名:统计与自适应信号处理
索取号:TN911.72/M111
 
预约/预借
| 序号 | 登录号 | 条形码 | 馆藏地/架位号 | 状态 | 备注 |
| 1 | 393821 | 203938212 | 自科库301/301自科库 35排4列2层/ [索取号:TN911.72/M111] | 在馆 | |
| 2 | 393822 | 203938221 | 自科库301/301自科库 35排4列2层/ [索取号:TN911.72/M111] | 在馆 |